KOHA-Header-6

The History of Sargodha (Record no. 12075)

000 -LEADER
fixed length control field 00244nam a22001217a 4500
082 ## - DEWEY DECIMAL CLASSIFICATION NUMBER
Classification number 930
100 ## - MAIN ENTRY--AUTHOR NAME
Personal name Pro.Shahibzada
245 ## - TITLE STATEMENT
Title The History of Sargodha
260 ## - PUBLICATION, DISTRIBUTION, ETC. (IMPRINT)
Place of publication Sargodha
Year of publication 2015
300 ## - PHYSICAL DESCRIPTION
Number of Pages 330
650 ## - SUBJECT ADDED ENTRY--TOPICAL TERM
Topical Term History
942 ## - ADDED ENTRY ELEMENTS (KOHA)
Koha item type Books
Holdings
Withdrawn status Lost status Collection code Permanent Location Current Location Shelving location Full call number Accession Number Koha item type Date acquired
    English Literature MAJU MAJU Shelf No.A15 930 9351 English Literature  
    English Literature MAJU MAJU Shelf No.A15 930 9352 English Literature 2019-10-23

Powered by Koha